000
00320nam a2200133Ia 4500
005
20251222154430.0
008
251222s9999||||xx |||||||||||||| ||spa||
020
_a
8425416663
082
_a
150.193/P71/Ej.2
100
_a
Poch i Bullich, Joaquim
245
0
_a
PsicologĂa Dinámica:
264
_b
Herder
942
_c
LIB
999
_c
36363
_d
36363